[Event "GER-ch Seniors 50 34th"]
[Site "Magdeburg"]
[Date "2022.08.19"]
[Round "8"]
[White "Zude, Arno"]
[Black "De Roda Husman, Juan"]
[Result "1/2-1/2"]
[WhiteElo "2371"]
[BlackElo "2266"]
[PlyCount "104"]
[EventDate "2022.08.12"]
[EventType "swiss"]
[EventRounds "9"]
[EventCountry "GER"]
[SourceTitle "CBM 209 Extra"]
[Source "ChessBase"]
[SourceDate "2022.09.30"]
[SourceVersion "1"]
[SourceVersionDate "2022.09.30"]
[SourceQuality "1"]

1. e4 c5 2. Nf3 e6 3. d4 cxd4 4. Nxd4 a6 5. Bd3 g6 6. 0-0 Bg7 7. Nb3 Ne7 8. c4 0-0 9. Nc3 Nbc6 10. Bg5 h6 11. Bh4 g5 12. Bg3 Ne5 13. Be2 d6 14. Qd2 Qc7 15. Rac1 b6 16. Rfd1 Rd8 17. h4 gxh4 18. Bxh4 Bb7 19. f3 Rab8 20. Bf2 Ba8 21. Nd4 N5g6 22. Be3 Kh7 23. Kf2 Ng8 24. Rh1 Qe7 25. Rh5 Qf6 26. Nc2 Ne5 27. Bg5 Qg6 28. Rch1 f6 29. Bf4 Rbc8 30. Ne3 Rc5 31. R5h3 b5 32. b4 Rcc8 33. cxb5 axb5 34. Rd1 Nc4 35. Nxc4 bxc4 36. Be3 d5 37. exd5 Bxd5 38. Bb6 Bxf3 39. Bxd8 Qxg2+ 40. Ke3 Bxe2 41. Rdh1 Rxd8 42. Qxd8 Bg4 43. R3h2 Qf3+ 44. Kd2 f5 45. Ne2 f4 46. Qc7 Qe3+ 47. Ke1 f3 48. Qxc4 fxe2 49. Rxe2 Bc3+ 50. Kf1 Bxe2+ 51. Qxe2 Qf4+ 52. Kg2 Qxb4 1/2-1/2

[Event "Rhein Main op-A 20th"]
[Site "Bad Homburg"]
[Date "2017.06.16"]
[Round "4"]
[White "Milov, Leonid"]
[Black "De Roda Husman, Juan"]
[Result "1/2-1/2"]
[WhiteElo "2433"]
[BlackElo "2213"]
[PlyCount "39"]
[EventDate "2017.06.14"]
[EventType "swiss"]
[EventRounds "7"]
[EventCountry "GER"]
[SourceTitle "EXT 2018"]
[Source "ChessBase"]
[SourceDate "2017.10.13"]
[SourceVersion "1"]
[SourceVersionDate "2017.10.13"]
[SourceQuality "1"]

1. e4 e5 2. Nf3 Nf6 3. d4 Nxe4 4. Bd3 d5 5. Nxe5 Nd7 6. Nc3 Nxc3 7. bxc3 Nxe5 8. dxe5 Be7 9. 0-0 0-0 10. Rb1 Rb8 11. Be3 b6 12. f4 f5 13. Qf3 Be6 14. Qe2 Qd7 15. Rfd1 c5 16. c4 d4 17. Bc1 Qc6 18. Rf1 g6 19. h3 Rf7 20. Kh2 1/2-1/2

[Event "Rhein Main op-A 20th"]
[Site "Bad Homburg"]
[Date "2017.06.15"]
[Round "3"]
[White "De Roda Husman, Juan"]
[Black "Kunin, Vitaly L"]
[Result "1-0"]
[WhiteElo "2213"]
[BlackElo "2562"]
[PlyCount "87"]
[EventDate "2017.06.14"]
[EventType "swiss"]
[EventRounds "7"]
[EventCountry "GER"]
[SourceTitle "EXT 2018"]
[Source "ChessBase"]
[SourceDate "2017.10.13"]
[SourceVersion "1"]
[SourceVersionDate "2017.10.13"]
[SourceQuality "1"]

1. e4 d6 2. d4 Nf6 3. Nc3 Nbd7 4. g3 e5 5. Nge2 c6 6. a4 Be7 7. Bg2 0-0 8. 0-0 b6 9. h3 h5 10. Be3 a6 11. d5 Bb7 12. Qd2 b5 13. dxc6 Bxc6 14. axb5 axb5 15. Nd5 Bxd5 16. exd5 Qc7 17. f4 Nb6 18. b3 e4 19. Nc3 Rxa1 20. Rxa1 Qb8 21. Nxe4 Nbxd5 22. Nxf6+ Bxf6 23. Bd4 Bxd4+ 24. Qxd4 Nf6 25. Ra8 Qc7 26. Rxf8+ Kxf8 27. c3 Nd7 28. Bf1 Nc5 29. Bxb5 Nxb3 30. Qd5 Qa7+ 31. Kg2 Qa2+ 32. Kg1 Qb1+ 33. Kf2 Qb2+ 34. Kg1 Qc1+ 35. Kg2 Qc2+ 36. Kg1 Ke7 37. Qg5+ f6 38. Qxg7+ Ke6 39. Qd7+ Kd5 40. Qc6+ Ke6 41. Bc4+ Ke7 42. Qb7+ Kd8 43. Qxb3 Qc1+ 44. Kf2 1-0

[Event "Paderborn op 13th"]
[Site "Paderborn"]
[Date "2016.12.30"]
[Round "7"]
[White "De Roda Husman, Juan"]
[Black "Schroeder, Kevin"]
[Result "0-1"]
[WhiteElo "2198"]
[BlackElo "2282"]
[PlyCount "66"]
[EventDate "2016.12.27"]
[EventType "swiss"]
[EventRounds "7"]
[EventCountry "GER"]
[SourceTitle "CBM 176 Extra"]
[Source "ChessBase"]
[SourceDate "2017.03.02"]
[SourceVersion "1"]
[SourceVersionDate "2017.03.02"]
[SourceQuality "1"]

1. e4 e5 2. Nf3 Nc6 3. c3 Nf6 4. d4 Nxe4 5. d5 Nb8 6. Nxe5 Bd6 7. Nc4 Bc5 8. Be3 Bxe3 9. Nxe3 0-0 10. Nd2 Nxd2 11. Qxd2 d6 12. Bd3 Nd7 13. 0-0 Re8 14. Bc2 Nf6 15. Rae1 g6 16. Qd4 Nh5 17. Ba4 Rf8 18. Bd1 Ng7 19. Bc2 Re8 20. Ba4 Re5 21. f4 Re7 22. Qf6 Bd7 23. Ng4 Kf8 24. Bxd7 Qxd7 25. Qh4 Rxe1 26. Rxe1 Re8 27. Rf1 h5 28. Nf6 Qe7 29. Nh7+ Kg8 30. Nf6+ Kh8 31. Qg5 Nf5 32. Nxe8 Qxe8 33. h3 Kg7 0-1

[Event "Amsterdam Science Park op-A"]
[Site "Amsterdam"]
[Date "2015.07.16"]
[Round "6"]
[White "De Rover, Yong Hoon"]
[Black "De Roda Husman, Juan"]
[Result "1/2-1/2"]
[WhiteElo "2316"]
[BlackElo "2224"]
[PlyCount "144"]
[EventDate "2015.07.11"]
[EventType "swiss"]
[EventRounds "9"]
[EventCountry "NED"]
[SourceTitle "CBM 167 Extra"]
[Source "ChessBase"]
[SourceDate "2015.09.14"]
[SourceVersion "1"]
[SourceVersionDate "2015.09.14"]
[SourceQuality "1"]

1. Nf3 d5 2. c4 c6 3. d4 Nf6 4. Nc3 a6 5. c5 Nbd7 6. Bf4 Nh5 7. Qd2 b6 8. e4 Nxf4 9. Qxf4 e6 10. exd5 exd5 11. cxb6 Bb4 12. Bd3 0-0 13. 0-0 Qxb6 14. Rfe1 Nf6 15. Ne5 Be6 16. Re3 Be7 17. Rg3 Kh8 18. Na4 Qb7 19. Qg5 Rg8 20. Bf5 Ne4 21. Qh5 g6 22. Bxe6 Nxg3 23. Nxf7+ Kg7 24. Qe5+ Bf6 25. Qxg3 Rgf8 26. Qe3 Rxf7 27. Bxf7 Qxf7 28. Re1 Rb8 29. b3 Rb4 30. Nc5 a5 31. Ne6+ Kg8 32. g4 c5 33. Nxc5 Bxd4 34. Qe8+ Qxe8 35. Rxe8+ Kf7 36. Rc8 Bxc5 37. Rxc5 a4 38. Rxd5 axb3 39. axb3 Rxb3 40. Rd7+ Kg8 41. Kg2 g5 42. Rd5 h6 43. h4 gxh4 44. Rh5 Kg7 45. Rxh4 Kg6 46. Rh5 Ra3 47. f3 Rb3 48. Kg3 Ra3 49. Rd5 Rb3 50. Rd4 Ra3 51. Kf4 Rb3 52. Ke4 Rb1 53. Kf4 Rb3 54. Rd6+ Kg7 55. Ke4 Rb7 56. Re6 Ra7 57. f4 Rb7 58. Rd6 Re7+ 59. Kd5 Rf7 60. Ke5 Re7+ 61. Re6 Ra7 62. Rc6 Re7+ 63. Kd5 Rf7 64. Rc4 Ra7 65. f5 Ra5+ 66. Ke4 Ra1 67. Rc7+ Kf6 68. Rc6+ Kg7 69. Rg6+ Kh7 70. Rd6 Kg7 71. Kd5 Rd1+ 72. Ke6 Rxd6+ 1/2-1/2

[Event "Amsterdam Science Park op-A"]
[Site "Amsterdam"]
[Date "2015.07.14"]
[Round "4"]
[White "Nguyen, Kevin"]
[Black "De Roda Husman, Juan"]
[Result "0-1"]
[WhiteElo "1986"]
[BlackElo "2224"]
[PlyCount "98"]
[EventDate "2015.07.11"]
[EventType "swiss"]
[EventRounds "9"]
[EventCountry "NED"]
[SourceTitle "CBM 167 Extra"]
[Source "ChessBase"]
[SourceDate "2015.09.14"]
[SourceVersion "1"]
[SourceVersionDate "2015.09.14"]
[SourceQuality "1"]

1. e4 e5 2. d4 exd4 3. c3 d5 4. exd5 Qxd5 5. cxd4 Nf6 6. Nf3 Bb4+ 7. Nc3 0-0 8. Be2 Ne4 9. Bd2 Bxc3 10. bxc3 Nxd2 11. Qxd2 Nc6 12. 0-0 Bf5 13. Rad1 Rfe8 14. Rfe1 h6 15. Qf4 Bc2 16. Rd2 Be4 17. Red1 Qd6 18. Qg4 Re7 19. Ne5 f5 20. Bc4+ Kh7 21. Qg3 Nxe5 22. dxe5 Qxe5 23. Qxe5 Rxe5 24. Bd5 Rae8 25. f4 R5e7 26. Bxe4 Rxe4 27. Rd7 R8e7 28. R7d4 Kg6 29. R1d2 Kf6 30. Kf2 b6 31. a4 a5 32. c4 g5 33. fxg5+ hxg5 34. Kf3 g4+ 35. Kf2 Kg5 36. h3 gxh3 37. gxh3 c5 38. Rd6 Rxc4 39. Rxb6 Rxa4 40. Rb5 Re5 41. Rc2 Kf4 42. h4 Kg4 43. Rbxc5 Rf4+ 44. Kg2 Rxc5 45. Rxc5 a4 46. h5 Kxh5 47. Kg3 Kg5 48. Ra5 Rb4 49. Kg2 Kf4 0-1

[Event "Haarlem BDO-B"]
[Site "Haarlem"]
[Date "2005.08.29"]
[Round "3"]
[White "Van den Berg, Ad"]
[Black "De Roda Husman, Juan"]
[Result "1-0"]
[WhiteElo "2298"]
[BlackElo "2238"]
[PlyCount "49"]
[EventDate "2005.08.27"]
[EventType "tourn"]
[EventRounds "9"]
[EventCountry "NED"]
[SourceTitle "CBM 108 Extra"]
[Source "ChessBase"]
[SourceDate "2005.11.04"]
[SourceVersion "1"]
[SourceVersionDate "2005.11.04"]
[SourceQuality "1"]

1. e4 c5 2. Nc3 e6 3. Nge2 a6 4. g3 b5 5. Bg2 Bb7 6. 0-0 d6 7. d4 cxd4 8. Nxd4 Nf6 9. Re1 Nbd7 10. e5 Bxg2 11. exf6 Bb7 12. Nxe6 fxe6 13. Rxe6+ Kf7 14. fxg7 Kxg7 15. Qg4+ Kf7 16. Bg5 Qc8 17. Qf5+ Kg8 18. Nd5 Ne5 19. Nf6+ Kg7 20. Nh5+ Kg8 21. Nf6+ Kg7 22. Bh6+ Kxh6 23. Ne8+ Ng6 24. Qh3+ Kg5 25. f4+ 1-0

[Event "Lost Boys op"]
[Site "Amsterdam"]
[Date "2002.07.27"]
[Round "2"]
[White "De Roda Husman, Juan"]
[Black "Leuw, Micha"]
[Result "1-0"]
[WhiteElo "2281"]
[BlackElo "2220"]
[PlyCount "69"]
[EventDate "2002.07.26"]
[EventType "swiss"]
[EventRounds "9"]
[EventCountry "NED"]
[SourceTitle "CBM 089 Extra"]
[Source "ChessBase"]
[SourceDate "2002.09.10"]
[SourceVersion "2"]
[SourceVersionDate "2002.09.10"]
[SourceQuality "1"]

1. e4 d6 2. d4 Nf6 3. Nc3 g6 4. Nf3 Bg7 5. Be2 c6 6. a4 a5 7. 0-0 0-0 8. h3 Nbd7 9. Be3 e5 10. dxe5 dxe5 11. Bc4 Qe7 12. Nd2 Nc5 13. Qf3 Nfd7 14. Rad1 Kh8 15. Nb3 Nxb3 16. cxb3 f5 17. exf5 gxf5 18. Qh5 f4 19. Bc1 Nc5 20. Rfe1 e4 21. Nxe4 Nxe4 22. Rxe4 Qxe4 23. Bd3 Bf5 24. Bxe4 Bxe4 25. Rd7 Rae8 26. Bd2 Bxb2 27. Qxa5 Rf5 28. Bc3+ Kg8 29. Qb4 Bxc3 30. Qxc3 Rg5 31. f3 Bd5 32. Qd3 Rg6 33. Kf2 Re3 34. Qd4 Rxb3 35. Rxd5 1-0

[Event "Corus reserve op"]
[Site "Wijk aan Zee"]
[Date "2001.01.22"]
[Round "6"]
[White "De Roda Husman, Juan"]
[Black "Bellin, Robert"]
[Result "1-0"]
[WhiteElo "2327"]
[BlackElo "2356"]
[PlyCount "47"]
[EventDate "2001.01.13"]
[EventType "swiss"]
[EventRounds "9"]
[EventCountry "NED"]
[SourceTitle "CBM 080 Extra"]
[Source "ChessBase"]
[SourceDate "2001.03.08"]
[SourceVersion "1"]
[SourceVersionDate "2001.03.08"]
[SourceQuality "1"]

1. d4 Nf6 2. c4 e6 3. g3 c5 4. d5 exd5 5. cxd5 b5 6. Bg2 d6 7. b4 Bb7 8. Bb2 cxb4 9. a3 bxa3 10. Nxa3 a6 11. e4 Be7 12. Ne2 0-0 13. 0-0 Nfd7 14. Nd4 Bf6 15. Ra2 Qb6 16. Kh1 Rc8 17. Nf5 Re8 18. f4 g6 19. e5 dxe5 20. fxe5 Bxe5 21. Nh6+ Kg7 22. Rxf7+ Kh8 23. Ng4 Bxb2 24. Rxb2 1-0

[Event "Corus reserve op"]
[Site "Wijk aan Zee"]
[Date "2001.01.20"]
[Round "4"]
[White "De Roda Husman, Juan"]
[Black "Aagaard, Jacob"]
[Result "0-1"]
[WhiteElo "2327"]
[BlackElo "2374"]
[PlyCount "68"]
[EventDate "2001.01.13"]
[EventType "swiss"]
[EventRounds "9"]
[EventCountry "NED"]
[SourceTitle "CBM 080 Extra"]
[Source "ChessBase"]
[SourceDate "2001.03.08"]
[SourceVersion "1"]
[SourceVersionDate "2001.03.08"]
[SourceQuality "1"]

1. d4 Nf6 2. c4 e6 3. g3 d5 4. Bg2 dxc4 5. Nf3 a6 6. 0-0 Nc6 7. e3 Bd7 8. Qe2 b5 9. a4 Rb8 10. e4 Be7 11. Nc3 0-0 12. Bf4 b4 13. Nd1 Na5 14. Nd2 Bc6 15. Be3 Qd7 16. Re1 Bxa4 17. Nxc4 Nb3 18. Ra2 Bb5 19. d5 exd5 20. exd5 Nxd5 21. Qd3 Nxe3 22. Qxd7 Bxd7 23. Ndxe3 Bb5 24. Ne5 Bd6 25. N5c4 Bc5 26. Bd5 c6 27. Bg2 Rfe8 28. Rd1 Rbd8 29. Rxd8 Rxd8 30. Ne5 Bxe3 31. fxe3 f6 32. Nf3 Rd1+ 33. Kf2 Nc1 34. Ra5 Nd3+ 0-1